<?xml version="1.0" encoding="UTF-8"?>
<collection xmlns="http://www.loc.gov/MARC21/slim">
  <record>
    <leader>00000nam  2200000   4500</leader>
    <controlfield tag="001">INLIS000000000002502</controlfield>
    <controlfield tag="005">20180724145553</controlfield>
    <controlfield tag="008">180724|||||||||   |   |||   |||| ||   | </controlfield>
    <datafield tag="035" ind1=" " ind2=" ">
      <subfield code="0">010-0718002502</subfield>
    </datafield>
    <datafield tag="041" ind1=" " ind2=" ">
      <subfield code="a">id</subfield>
    </datafield>
    <datafield tag="082" ind1=" " ind2=" ">
      <subfield code="a">R.056</subfield>
    </datafield>
    <datafield tag="090" ind1=" " ind2=" ">
      <subfield code="a">R.056 PIM I 2017</subfield>
    </datafield>
    <datafield tag="100" ind1=" " ind2=" ">
      <subfield code="a">Sabaruddin, Arief</subfield>
    </datafield>
    <datafield tag="245" ind1=" " ind2=" ">
      <subfield code="a">Sinergitas Program Badan Litbang PUPR Dalam Meningkatan Pemanfaatan IPTEK</subfield>
    </datafield>
    <datafield tag="260" ind1=" " ind2=" ">
      <subfield code="a">Jakarta</subfield>
      <subfield code="b">LAN Jakarta</subfield>
      <subfield code="c">2017</subfield>
    </datafield>
    <datafield tag="300" ind1=" " ind2=" ">
      <subfield code="a">vii; 64 hlm.; Lamp.; 30 cm</subfield>
    </datafield>
    <datafield tag="500" ind1=" " ind2=" ">
      <subfield code="a">Proyek perubahan ini membangun sinergitas program kegiatan antar lembaga untuk meningkatkan kemanfaatan hasil litbang. Tujuan utama proyek ini adalah untuk mencapai pembangunan infrastruktur pekerjaan umum dan perumahan rakyat yang handal, efisien dan efektif. Metode perubahan, akan dilakukan secara bertahap berdasarkan skala perubahan pada level institusi. Tahap pertama perubahan akan dilakukan di internal balitbang melalui perubahan pusat-pusat litbang, tahap kedua pada level institusi kementerian dan stakeholders lainnya, dan tahap terakhir pada level internasional.</subfield>
    </datafield>
    <datafield tag="650" ind1=" " ind2=" ">
      <subfield code="a">Pemanfaatan IPTEK</subfield>
    </datafield>
  </record>
</collection>
